00713nam a2200181Ia 4500999001500000003000900015005001700024008004100041040002800082090002100110110004700131245007400178260007100252300001900323650002800342942001200370952014900382 c2591d2591DO-SdBJH20180414142058.0180414s9999 dr 000 0 spa d aDO-SdBJHbspacDO-SdBJH aDM AY 06-07 2006 aCommand and General Staff Officers College10aEscenario reference book / Command and General Staff Officers College aFort Leavenworth, Kansas : Command and General Staff College, 2006 a325 páginas  4aEscenario -- Referencia 2ddccBK 00102ddc40708DMaBEGEMbBEGEMcGENd2018-04-14i18-EERD-00861l0oDM AY 06-07 2006p18-EERD-00861r2018-04-14 00:00:00tEj.1w2018-04-14yBK